| 000 | 00555nam a2200217Ia 4500 | ||
|---|---|---|---|
| 003 | OSt | ||
| 005 | 20240611141929.0 | ||
| 008 | 210210b2008 xxu||||| |||| 00| 0 eng d | ||
| 020 | _a8180546195 | ||
| 040 | _cAL | ||
| 041 | _aeng | ||
| 082 | _a346.07 KAPE | ||
| 100 |
_aKAPOOR (N D) _952902 |
||
| 245 |
_aElements of mercantile law _b:Including company law and industrial law |
||
| 250 | _a13 | ||
| 260 |
_aNew Delhi _bSultan Chand & Sons _c2008 |
||
| 300 | _axxviii,347 | ||
| 690 |
_aMercantile Law _952903 |
||
| 906 | _a062389 | ||
| 942 |
_2ddc _cBK |
||
| 999 |
_c117434 _d117434 |
||